书目信息 |
| 题名: |
闪光的箭
|
|
| 作者: | 江峻风 著 | |
| 分册: | ||
| 出版信息: | 北京 中国少年儿童出版社 1980 |
|
| 页数: | 337页 | |
| 开本: | 19cm | |
| 丛书名: | ||
| 单 册: | ||
| 中图分类: | I287.45 , I247.5 | |
| 科图分类: | ||
| 主题词: | 儿童文学-长篇小说--中国--现代 , 长篇小说-儿童文学--中国--现代 , 小说--中国 | |
| 电子资源: | ||
| ISBN: | ||
| 000 | 00685nam0 2200253 45 | |
| 001 | 1549983415 | |
| 005 | 20150128101605.20 | |
| 010 | @dCNY0.63 | |
| 091 | @aCN@bR10056.446 | |
| 100 | @a19950524d1980 demy0chiy0121 ea | |
| 101 | 0 | @achi |
| 102 | @aCN@b110000 | |
| 105 | @af z 000ay | |
| 200 | 10 | @a闪光的箭@Ashan guang de jian@f江峻风著 |
| 210 | @a北京@c中国少年儿童出版社@d1980 | |
| 215 | @a337页@c插图@d19cm | |
| 606 | @a儿童文学-长篇小说@y中国@z现代 | |
| 606 | @a长篇小说-儿童文学@y中国@z现代 | |
| 606 | 0 | @a小说@x中国 |
| 690 | @aI287.45@v3 | |
| 690 | @aI247.5@v4 | |
| 701 | 0 | @a江峻风@Ajiang jun feng@4著 |
| 801 | 0 | @aCN@bTSSF@c20150128 |
| 905 | @aZUCC@dI247.5@eJY17 | |
| 闪光的箭/江峻风著.-北京:中国少年儿童出版社,1980 |
| 337页:插图;19cm |
| ISBN :CNY0.63 |
| ● |
| 相关链接 |
|
|
|
|
正题名:闪光的箭
索取号:I247.5/JY17
 
预约/预借
| 序号 | 登录号 | 条形码 | 馆藏地/架位号 | 状态 | 备注 |
| 1 | 7850880 | 278508802 | 学院路分馆/ [索取号:I247.5/JY17] | 在馆 | |
| 2 | 7850881 | 278508811 | 学院路分馆/ [索取号:I247.5/JY17] | 在馆 | |
| 3 | 7850882 | 278508820 | 学院路分馆/ [索取号:I247.5/JY17] | 在馆 | |
| 4 | 7850883 | 278508839 | 学院路分馆/ [索取号:I247.5/JY17] | 在馆 |